[Event "Summer Cup"]
[Site "Wellington Chess Club"]
[Date "2012.02.21"]
[Round "3"]
[White "Forster, Bill"]
[Black "Wastney, Scott"]
[Result "1-0"]
[WhiteElo "1983"]
[BlackElo "2367"]

1. Nf3 d5 2. c4 e6 3. g3 Nf6 4. Bg2 Be7 5. b3 O-O 6. Bb2 a5 7. O-O a4 8. d3 a3
9. Bc3 Nc6 10. e3 Nb4 11. Ne5 c5 12. Nd2 d4 13. Bxb4 cxb4 14. e4 Nd7 15. Nxd7
Bxd7 16. e5 Qc7 17. Qe2 Rad8 18. Rae1 f5 19. exf6 gxf6 20. Bd5 exd5 21. Qxe7
Rf7 22. Qxb4 Bh3 23. Qxa3 Bxf1 24. Kxf1 Qd7 25. Qc5 dxc4 26. Nxc4 b5 27. Nd2
Rc8 28. Qb6 Rc2 29. Ne4 Kg7 30. Nd6 Qg4 (30... Rf8 31. Re7+ Qxe7 32. Nf5+ Kf7
33. Nxe7) 31. Kg2 Rd7 32. Ne8+ Kf8 33. Nxf6 Qf5 34. Nxd7+ Qxd7 35. Qf6+ Kg8 36.
Re7 Qd5+ 37. Qf3 Qxf3+ 38. Kxf3 Rd2 39. Rb7 Rxd3+ 40. Ke2 Rc3 41. Kd2 Rc5 42.
Rd7 1-0

[Event "Summer Cup"]
[Site "Wellington Chess Club"]
[Date "2012.02.21"]
[Round "3"]
[White "Gillespie, John"]
[Black "Jackson, Ross"]
[Result "0-1"]
[WhiteElo "1551"]
[BlackElo "1970"]

1. d4 Nf6 2. c4 c5 3. Nf3 e6 4. Bg5 cxd4 5. Nxd4 Bb4+ 6. Nd2 h6 7. Bxf6 Qxf6 8.
a3 Qxd4 9. axb4 Qxb2 10. Rb1 Qe5 11. e3 O-O 12. Qb3 Nc6 13. Nf3 Qc7 14. Be2 a5
15. bxa5 Qxa5+ 16. Nd2 d6 17. Qb2 e5 18. O-O Qc7 19. Bf3 Rb8 20. Rfc1 Bf5 21.
Ra1 Rfe8 22. e4 Be6 23. c5 dxc5 24. Rxc5 Qe7 25. Rac1 f6 26. Bd1 Red8 27. Nb3
Qd6 28. Bf3 Qd3 29. R5c3 Qb5 30. Be2 Qb4 31. Qb1 Nd4 32. Nxd4 Qxb1 33. Nxe6 Qb6
34. Rc7 Qxe6 0-1

[Event "Summer Cup"]
[Site "Wellington Chess Club"]
[Date "2012.02.21"]
[Round "3"]
[White "Ker, Anthony"]
[Black "Roberts, Michael"]
[Result "1-0"]
[WhiteElo "2492"]
[BlackElo "1747"]

1. e4 e5 2. Nf3 Nc6 3. d4 exd4 4. Nxd4 Bc5 5. Nxc6 bxc6 6. Bc4 d5 7. exd5 Bxf2+
8. Kxf2 Qh4+ 9. g3 Qxc4 10. Re1+ Ne7 11. Nc3 Bg4 12. Qd2 cxd5 13. Qxd5 1-0

[Event "Summer Cup"]
[Site "Wellington Chess Club"]
[Date "2012.02.21"]
[Round "3"]
[White "Palmer, Luke"]
[Black "Sknar, Andrew"]
[Result "0-1"]
[WhiteElo "1172"]
[BlackElo "1353"]

1. e4 e5 2. Nf3 d6 3. Nc3 Nf6 4. d3 h6 5. Be3 Nc6 6. d4 Qe7 7. Bb5 Rb8 8. O-O
a6 9. Bxc6+ bxc6 10. Rb1 Bb7 11. h3 c5 12. d5 c6 13. Re1 g5 14. b4 g4 15. hxg4
Nxg4 16. bxc5 Qd8 17. dxc6 Bxc6 18. Rxb8 Qxb8 19. cxd6 Bxd6 20. Bb6 Bb4 21. Be3
Bxc3 22. Rf1 Bb5 23. Qd5 Bxf1 24. Kxf1 O-O 25. Qd7 Qb1+ 0-1

[Event "Summer Cup"]
[Site "Wellington Chess Club"]
[Date "2012.02.21"]
[Round "3"]
[White "Pomeroy, Arthur"]
[Black "Dive, Russell"]
[Result "1-0"]
[WhiteElo "2114"]
[BlackElo "2440"]

1. e4 Nf6 2. e5 Nd5 3. d4 d6 4. Nf3 Nb6 5. Be2 Bf5 6. exd6 exd6 7. O-O Be7 8.
c4 O-O 9. Nc3 Bf6 10. h3 h6 11. Bf4 a5 12. Rc1 Na6 13. Re1 Re8 14. Bf1 Qd7 15.
Qd2 Bg6 16. b3 a4 17. g4 axb3 18. axb3 Nb4 19. Nb5 Be4 20. g5 hxg5 21. Nxg5
Bxg5 22. Bxg5 Ra2 23. Qf4 Nd3 24. Bxd3 Bxd3 25. Nxc7 Rxe1+ 26. Rxe1 f6 27. Bxf6
gxf6 28. Qxf6 Qg7+ 29. Qxg7+ Kxg7 30. Ne8+ Kg6 31. Nxd6 Kg5 32. Nxb7 Kf4 33.
Nc5 Be2 34. d5 Nc8 35. Ne6+ Ke4 36. h4 Nd6 37. Kh2 Nf5 38. Rg1 Nxh4 39. Rg8 Ra1
40. Ng5+ Kf5 41. Nh3 Ng6 42. Kg3 { black lost on time} 1-0

[Event "Summer Cup"]
[Site "Wellington Chess Club"]
[Date "2012.02.21"]
[Round "3"]
[White "Sellen, Ian"]
[Black "Cook, John"]
[Result "1-0"]
[WhiteElo "2055"]
[BlackElo "1656"]

1. c4 e5 2. Nc3 Nf6 3. Nf3 Bb4 4. Nxe5 O-O 5. e3 Bxc3 6. bxc3 d6 7. Nf3 c5 8.
Rb1 b6 9. Be2 h6 10. O-O Nbd7 11. d4 Ne4 12. Qc2 Bb7 13. Nd2 f5 14. Bd3 Nxd2
15. Bxd2 Qg5 16. f3 Rf6 17. e4 f4 18. Be1 Rff8 19. Qf2 Rae8 20. Qh4 Qd8 21.
Qxd8 Rxd8 22. g3 g5 23. gxf4 gxf4 24. Bh4 Rde8 25. Kf2 Rf7 26. Rg1+ Kh8 27. Rg6
Rg7 28. Rxd6 Reg8 29. Rxh6+ 1-0

[Event "Summer Cup"]
[Site "Wellington Chess Club"]
[Date "2012.02.21"]
[Round "3"]
[White "Shierlaw, Hamish"]
[Black "Stoeveken, Peter"]
[Result "0-1"]
[WhiteElo "1495"]
[BlackElo "1858"]

1. e4 e6 2. d4 d5 3. Nd2 c5 4. Ngf3 Nc6 5. exd5 Qxd5 6. Bc4 Qd8 7. dxc5 Bxc5 8.
O-O Nf6 9. Nb3 Qxd1 10. Rxd1 Bb6 11. Bf4 O-O 12. c3 Re8 13. Ne5 Nxe5 14. Bxe5
Bxf2+ 15. Kxf2 Ng4+ 16. Ke2 Nxe5 17. Bb5 Rf8 18. Nc5 b6 19. Nd3 Nxd3 20. Rxd3
Bb7 21. g3 Rfd8 22. Rad1 Rxd3 23. Rxd3 g6 24. Rd7 Rb8 25. Ke3 a6 26. Be2 Kf8
27. Kf4 h6 28. Ke5 Bc8 29. Rd8+ Ke7 30. Rh8 h5 31. Bxa6 f6+ 32. Kd4 Kd7 33.
Rxc8 Rxc8 34. Bxc8+ Kxc8 35. c4 Kd7 36. b4 g5 37. a4 h4 38. g4 f5 39. Ke5 fxg4
40. Ke4 h3 41. a5 g3 42. hxg3 h2 43. axb6 h1=Q+ 44. Kd4 Qg1+ 45. Kc3 Qxb6 46.
c5 Qc7 47. Kc4 Qxg3 48. Kb5 Qb8+ 49. Kc4 g4 0-1

[Event "Summer Cup"]
[Site "Wellington Chess Club"]
[Date "2012.02.21"]
[Round "3"]
[White "Sknar, Andrew"]
[Black "Theodosiou, Andreas"]
[Result "0-1"]
[WhiteElo "1087"]
[BlackElo "1229"]

1. e4 e6 2. d4 d5 3. e5 c5 4. Nf3 cxd4 5. Qxd4 Nc6 6. Qe3 Nb4 7. Bd3 Qa5 8. O-O
Bc5 9. Qd2 Qc7 10. c3 Nxd3 11. Qxd3 Ne7 12. Be3 Bd7 13. Nbd2 O-O 14. Nb3 Bb6
15. Bd4 h6 16. Nh4 a6 17. Qg3 Bxd4 18. cxd4 Qc2 19. Rfb1 Nf5 20. Nxf5 Qxf5 21.
Nc5 Bc6 22. Rc1 Rac8 23. Nb3 f6 24. exf6 Qxf6 25. Na5 Qxd4 26. Nxc6 bxc6 27.
Rc2 Rf4 28. Rac1 c5 29. a3 c4 30. b3 Re4 31. bxc4 Rxc4 32. Qg6 Rxc2 33. Rxc2
Re1# 0-1

[Event "Summer Cup"]
[Site "Wellington Chess Club"]
[Date "2012.02.21"]
[Round "3"]
[White "Stracy, Don"]
[Black "Nijman, Brian"]
[Result "0-1"]
[WhiteElo "1781"]
[BlackElo "2206"]

1. e4 c6 2. Nc3 d5 3. Nf3 dxe4 4. Nxe4 Nf6 5. Nxf6+ exf6 6. d4 Bd6 7. Bd3 O-O
8. O-O Bg4 9. h3 Bh5 10. c4 c5 11. g4 Bg6 12. Bxg6 fxg6 13. Be3 cxd4 14. Nxd4
Rf7 15. Nb5 Rd7 16. Nxd6 Rxd6 17. Qf3 Nc6 18. Rfd1 Ne5 19. Qe2 Rc8 20. Rxd6
Qxd6 21. Rd1 Qc6 22. Rd5 b6 23. b3 Qe8 24. Bd4 Nc6 25. Qxe8+ Rxe8 26. Bc3 Re2
27. Rd2 Re1+ 28. Kg2 Rc1 29. Rd6 Rxc3 30. Rxc6 h5 31. Rc8+ Kh7 32. Rc7 b5 33.
Rc5 a6 34. Rc6 bxc4 35. Rxc4 Rd3 36. Rc6 a5 37. Ra6 Rd5 38. Rc6 a4 39. bxa4 Rd2
40. a5 Rxa2 41. a6 Kh6 42. Kg3 Ra3+ 43. f3 h4+ 44. Kg2 Ra2+ 45. Kg1 Kg5 46. a7
Rxa7 47. Rc2 Kf4 48. Kg2 Ke3 49. Rf2 Rd7 50. f4 Rd2 51. Rxd2 Kxd2 52. Kf2 Kd3
53. Kf3 f5 54. g5 Kd4 0-1

[Event "Summer Cup"]
[Site "Wellington Chess Club"]
[Date "2012.02.21"]
[Round "3"]
[White "Timergazi, Layla"]
[Black "Dallow, Chris"]
[Result "1-0"]
[WhiteElo "1281"]
[BlackElo "1808"]

1. d4 d5 2. c4 e6 3. Nc3 Nf6 4. Nf3 Be7 5. Bf4 c6 6. e3 O-O 7. Bd3 Nbd7 8. O-O
Re8 9. Rc1 g6 10. h3 Nh5 11. Bh6 f6 12. Qc2 Bf8 13. Bxg6 hxg6 14. Qxg6+ Ng7 15.
cxd5 exd5 16. Bxg7 Bxg7 17. Nh4 Nf8 18. Qg3 f5 19. Ne2 Qf6 20. Nf4 Qh6 (20...
Ne6 21. Nhg6) 21. b4 a6 22. Nf3 Kh7 23. Ng5+ Kg8 24. a4 Bd7 25. a5 Ne6 26.
Ngxe6 Bxe6 27. Nxe6 Rxe6 28. Qc7 Rf8 29. Qxb7 Rff6 (29... f4 30. exf4 Bxd4 31.
Qxa6 Rxf4) 30. Qxa6 Rg6 31. Kh2 Qg5 32. g3 Rh6 33. Qc8+ Kh7 34. a6 Rxh3+ 35.
Kxh3 Qg4+ 36. Kg2 Qe4+ 37. f3 Qxe3 38. a7 (38. Rh1+ Kg6 39. Rce1 Qd2+) 38...
Rh6 (38... Bxd4) 39. Qxf5+ Rg6 40. Rh1+ 1-0

[Event "Summer Cup"]
[Site "Wellington Chess Club"]
[Date "2012.02.28"]
[Round "4"]
[White "Cook, John"]
[Black "Sknar, Andrew"]
[Result "1-0"]
[WhiteElo "1656"]
[BlackElo "1087"]

1. d4 d5 2. c4 Nf6 3. Nf3 g6 4. Bg5 Bg7 5. e3 O-O 6. Nc3 c6 7. Be2 Nbd7 8. O-O
b6 9. Qb3 Ba6 10. Qa4 b5 11. Qxa6 Nb8 12. Qb7 Nbd7 13. Qxc6 bxc4 14. Nxd5 Rc8
15. Qxc8 Qxc8 16. Nxe7+ Kh8 17. Nxc8 Rxc8 18. Rac1 Nb6 19. Nd2 Nbd5 20. Bxc4 h6
21. Bxf6 Bxf6 22. Bxd5 Rxc1 23. Rxc1 g5 24. Rc7 Kg8 25. Rxf7 Bd8 26. Rd7+ Kf8
27. Rxd8+ Ke7 28. Ra8 Kd6 29. Be4 a6 30. Rxa6+ Kc7 31. Ra3 Kb6 32. Rb3+ Ka5 33.
d5 g4 34. d6 h5 35. d7 Ka6 36. d8=Q Ka7 37. Qb8+ Ka6 38. Qa8# 1-0

[Event "Summer Cup"]
[Site "Wellington Chess Club"]
[Date "2012.02.28"]
[Round "4"]
[White "Dallow, Chris"]
[Black "Stracy, Don"]
[Result "0-1"]
[WhiteElo "1808"]
[BlackElo "1781"]

1. d4 Nf6 2. Nf3 b6 3. Bg5 Ne4 4. Bh4 Bb7 5. Nbd2 d6 6. e3 Nd7 7. Be2 Ndf6 8.
O-O e6 9. Re1 Be7 10. c3 O-O 11. h3 Qd7 12. Qc2 h6 13. Bd3 Nxd2 14. Nxd2 a5 15.
a4 Nh5 16. Bxe7 Qxe7 17. Be2 Nf6 18. Bf3 Bxf3 19. Nxf3 e5 20. e4 Rfd8 21. d5
Rac8 22. Nd2 Nd7 23. Qb3 Nc5 24. Qb5 Qd7 25. Qc4 c6 26. b4 cxd5 27. Qxd5 Nxa4
28. bxa5 Nxc3 29. Qb3 bxa5 30. Rxa5 Qc7 31. Ra3 d5 32. exd5 Nxd5 33. Rea1 Qc2
34. Qxc2 Rxc2 35. Ne4 Nf4 36. g4 Nd3 37. Rd1 Rc1 38. Rxc1 Nxc1 39. Kf1 Rd1+ 40.
Kg2 Rd8 41. Kf3 Rd3+ 42. Rxd3 Nxd3 43. h4 Nf4 44. g5 hxg5 45. hxg5 Kh7 46. Kg4
Kg6 47. f3 Ne6 48. Kh4 Kf5 49. Nd6+ Kg6 50. Ne4 Nd4 51. Kg4 Ne2 52. Nd6 Nf4 53.
Ne4 f6 54. gxf6 gxf6 55. Ng3 Ne6 56. Nf5 Nd4 57. Ng3 f5+ 58. Nxf5 Nxf5 59. Kh3
Kg5 60. Kg2 Kf4 61. Kh3 Kxf3 0-1

[Event "Summer Cup"]
[Site "Wellington Chess Club"]
[Date "2012.02.28"]
[Round "4"]
[White "Forster, Bill"]
[Black "Ker, Anthony"]
[Result "1/2-1/2"]
[WhiteElo "1983"]
[BlackElo "2492"]

1. e4 d6 2. d4 Nf6 3. Nc3 g6 4. f4 Bg7 5. Nf3 c5 6. Bb5+ Bd7 7. e5 Ng4 8. e6
Bxb5 9. exf7+ Kd7 10. Nxb5 Qa5+ 11. Nc3 cxd4 12. Nxd4 Bxd4 13. Qxd4 Nc6 14. Qc4
Qb6 15. Qe2 h5 16. h3 Nh6 17. Bd2 Nf5 18. O-O-O Ng3 19. Qd3 Nxh1 20. Rxh1 Raf8
21. Be3 Qa5 22. Qxg6 e6 23. Rd1 Ne7 24. Qe4 Nc6 25. Qg6 Ne7 26. Qe4 Nc6 1/2-1/2

[Event "Summer Cup"]
[Site "Wellington Chess Club"]
[Date "2012.02.28"]
[Round "4"]
[White "Jackson, Ross"]
[Black "Hewson, Michael"]
[Result "0-1"]
[WhiteElo "1970"]
[BlackElo "1718"]

1. d4 d5 2. c4 e5 3. dxe5 d4 4. Nf3 Nc6 5. a3 Bf5 6. b4 f6 7. exf6 Nxf6 8. b5
Na5 9. Nxd4 Bc5 10. e3 Ne4 11. Be2 Qg5 12. g3 O-O 13. f4 Qg6 14. Nxf5 Qxf5 15.
O-O Rad8 16. Qa4 b6 17. Kg2 Rd6 18. g4 Qf6 19. Ra2 Qh4 20. Bf3 Rh6 21. Rh1 Qh3+
0-1

[Event "Summer Cup"]
[Site "Wellington Chess Club"]
[Date "2012.02.28"]
[Round "4"]
[White "Marney, John"]
[Black "Sknar, Andrew"]
[Result "1-0"]
[WhiteElo "1647"]
[BlackElo "1353"]

1. e4 e5 2. Nf3 Nc6 3. d4 f6 4. Bc4 Nge7 5. c3 d5 6. exd5 Nxd5 7. O-O Be6 8.
Qe2 Bd6 9. dxe5 Bxe5 10. Bxd5 Qxd5 11. Rd1 Qa5 12. Bf4 Ke7 13. Nxe5 Nxe5 14. b3
Rad8 15. Bd2 Qb6 16. h3 Nd3 17. Be3 Qd6 18. Nd2 b5 19. Nf3 Rd7 20. Nd4 Qe5 21.
Nc6+ Kf7 22. Nxe5+ Nxe5 23. Rxd7+ Bxd7 24. Bxa7 Re8 25. Qc2 g6 26. Bd4 Bf5 27.
Qd2 Rd8 28. Qh6 g5 29. Bxe5 Bg6 30. Bxc7 Rc8 31. Bd6 Bf5 32. Bb4 Rg8 33. Re1
Be6 34. Qxh7+ Rg7 35. Qh5+ Rg6 36. Rxe6 Kg7 37. Re7+ Kf8 38. Rb7+ 1-0

[Event "Summer Cup"]
[Site "Wellington Chess Club"]
[Date "2012.02.28"]
[Round "4"]
[White "Nijman, Brian"]
[Black "Pomeroy, Arthur"]
[Result "1-0"]
[WhiteElo "2206"]
[BlackElo "2114"]

1. e4 c5 2. a3 e6 3. b4 d5 4. Bb2 dxe4 5. Ne2 Nf6 6. Nec3 cxb4 7. axb4 Bxb4 8.
Bb5+ Bd7 9. Qe2 O-O 10. Nxe4 Bxb5 11. Qxb5 Nxe4 12. Qxb4 f5 13. d3 Nf6 14. Qxb7
Nbd7 15. Qa6 Qb6 16. Qa2 Rab8 17. Bxf6 Nxf6 18. O-O Rfc8 19. Na3 Nd5 20. Nc4
Qd4 21. Qxa7 Qg4 22. Ne5 Qh5 23. Rfb1 Rxb1+ 24. Rxb1 h6 25. Qd7 Re8 26. h3 f4
27. Nf3 Nf6 28. Qc7 Nd5 29. Qe5 Qg6 30. Rb8 Rxb8 31. Qxb8+ Kh7 32. Qe5 Nb4 33.
Qc5 Nd5 34. Qd6 Nc3 35. Qe5 Qf6 36. Qxf6 gxf6 37. Kf1 Kg6 38. Ke1 f5 39. Ng1 e5
40. Ne2 Nd5 41. c4 Nc7 42. d4 exd4 43. Nxd4 Kf6 44. Kd2 Ke5 45. Kc3 Na6 46.
Nf3+ Ke4 47. Nd2+ Ke5 48. f3 h5 49. Nb3 h4 50. Nd4 Nc5 51. Nc6+ Kd6 52. Nb4 Ke5
53. Nd3+ Nxd3 54. Kxd3 Ke6 55. Kd4 Kd6 1-0

[Event "Summer Cup"]
[Site "Wellington Chess Club"]
[Date "2012.02.28"]
[Round "4"]
[White "Nyberg, Michael"]
[Black "Aldridge, Alan"]
[Result "1-0"]
[WhiteElo "2063"]
[BlackElo "1945"]

1. d4 Nf6 2. Nf3 e6 3. c4 b6 4. Nc3 Ba6 5. b3 Bb4 6. Bd2 O-O 7. g3 d5 8. cxd5
exd5 9. Bg2 Nbd7 10. O-O Re8 11. Re1 Bxc3 12. Bxc3 Ne4 13. Bb2 Qf6 14. Bh3 Rad8
15. Qc2 Qh6 16. Bg2 Ndf6 17. Bc1 Qh5 18. Nh4 Ng5 19. Qxc7 Bc8 20. Bxg5 Qxg5 21.
Nf3 Qh5 22. Ne5 Ne4 23. Bf3 Qf5 24. Rac1 f6 25. Qf7+ Kh8 26. Rc7 Qg5 27. Qxe8+
Rxe8 28. Nf7+ Kg8 29. Nxg5 fxg5 30. Rec1 1-0

[Event "Summer Cup"]
[Site "Wellington Chess Club"]
[Date "2012.02.28"]
[Round "4"]
[White "Theodosiou, Andreas"]
[Black "Palmer, Luke"]
[Result "1-0"]
[WhiteElo "1229"]
[BlackElo "1172"]

1. e4 e5 2. Nf3 Nc6 3. Bb5 d6 4. O-O Nf6 5. Nc3 Bg4 6. h3 Bxf3 7. Qxf3 a6 8.
Bxc6+ bxc6 9. d3 d5 10. Qf5 Bd6 11. f4 Qd7 12. Qg5 Rg8 13. fxe5 Bc5+ 14. Kh1 d4
15. Ne2 Be7 16. exf6 Bd6 17. fxg7 Be7 18. Qe5 Rb8 19. Nxd4 f6 20. Qh5+ Kd8 21.
Qf7 Qe8 22. Nxc6+ Kd7 23. Qd5+ Bd6 24. Nxb8+ Qxb8 25. Rxf6 Rxg7 26. e5 h5 27.
exd6 cxd6 28. Rf7+ Rxf7 29. Qxf7+ Kc8 30. Qe8+ Kb7 31. Qxb8+ Kxb8 32. Bf4 1-0

[Event "Summer Cup"]
[Site "Wellington Chess Club"]
[Date "2012.02.28"]
[Round "4"]
[White "Wastney, Scott"]
[Black "Sellen, Ian"]
[Result "1-0"]
[WhiteElo "2367"]
[BlackElo "2055"]

1. Nf3 d5 2. d4 Nf6 3. g3 c6 4. c4 e6 5. Bg2 Bd6 6. O-O Nbd7 7. b3 O-O 8. Nc3
Qa5 9. Bd2 Bb4 10. Qc2 c5 11. a3 Bxc3 12. Bxc3 Qc7 13. dxc5 dxc4 14. b4 Nd5 15.
Ng5 g6 16. Bb2 Ne5 17. Rad1 f6 18. Nxe6 Bxe6 19. Bxd5 Qf7 20. Bxe6 Qxe6 21. Rd6
1-0

[Event "Summer Cup"]
[Site "Wellington Chess Club"]
[Date "2012.02.28"]
[Round "4"]
[White "Whittle, Jonathon"]
[Black "Shierlaw, Hamish"]
[Result "0-1"]
[WhiteElo "1733"]
[BlackElo "1495"]

1. Nf3 d5 2. c4 c6 3. g3 Nf6 4. Bg2 Bf5 5. O-O e6 6. b3 Nbd7 7. Bb2 Be7 8. Nc3
O-O 9. Nh4 Bg6 10. Nxg6 hxg6 11. e4 dxe4 12. Nxe4 Nxe4 13. Bxe4 Nf6 14. Bc2 Qb6
15. Qe2 c5 16. Rad1 Rad8 17. Qe3 Qc6 18. d4 Rfe8 19. Rfe1 Kf8 20. Qc3 cxd4 21.
Rxd4 Rxd4 22. Qxd4 Qc5 23. Qh4 Qh5 24. Qd4 Qc5 25. Qc3 Rd8 26. Re5 Qb6 27. Rb5
Qc6 28. b4 a6 29. Re5 Qd6 30. c5 Qd2 31. Qc4 Rd5 32. Re2 Qh6 33. Bc3 Qh3 34.
Be4 Rd1+ 35. Re1 Rxe1+ 36. Bxe1 Qg4 37. f3 Qh5 38. Kg2 Nxe4 39. Qxe4 Qd5 40.
Qc2 Ke8 41. Qd2 Qxd2+ 42. Bxd2 Kd7 43. Kf2 Kc6 44. Ke3 Bf6 45. Kd3 Kb5 46. g4
g5 47. Kc2 Kc4 48. h3 g6 49. Be1 Be5 50. Bd2 Bf6 51. Be3 Kxb4 52. Bf2 Be7 53.
Kd3 Bxc5 54. Bxc5+ Kxc5 55. Ke4 Kd6 56. Kd4 e5+ 57. Kc4 f6 58. a4 b6 59. Kd3
Kd5 60. Kc3 Kc5 61. Kb3 b5 62. a5 f5 63. Kc3 e4 64. gxf5 gxf5 65. f4 gxf4 66.
h4 f3 67. h5 f2 0-1

[Event "Summer Cup"]
[Site "Wellington Chess Club"]
[Date "2012.03.13"]
[Round "5"]
[White "Gillespie, John"]
[Black "Theodosiou, Andreas"]
[Result "1-0"]
[WhiteElo "1551"]
[BlackElo "1229"]

1. e4 e6 2. d4 d6 3. Nf3 b6 4. c4 Bb7 5. Nc3 Nf6 6. d5 Na6 7. Bg5 Be7 8. Qa4+
Nd7 9. dxe6 fxe6 10. Be3 O-O 11. b4 c5 12. b5 Nc7 13. Be2 a6 14. Qb3 Nf6 15.
Nd2 Kh8 16. Bf3 axb5 17. cxb5 d5 18. exd5 exd5 19. O-O-O c4 20. Nxc4 dxc4 21.
Rxd8 cxb3 22. Rxf8+ Bxf8 23. Bxb7 Ba3+ 24. Kb1 Rb8 25. Bc6 bxa2+ 26. Kxa2 Bc5
27. Bf4 Ra8+ 28. Bxa8 Nxa8 29. Rd1 Nc7 30. Bxc7 1-0

[Event "Summer Cup"]
[Site "Wellington Chess Club"]
[Date "2012.03.13"]
[Round "5"]
[White "Hewson, Michael"]
[Black "Timergazi, Layla"]
[Result "1-0"]
[WhiteElo "1718"]
[BlackElo "1281"]

1. e4 c6 2. d4 d5 3. exd5 cxd5 4. Nf3 Nc6 5. Be2 Bf5 6. c3 e6 7. O-O Bd6 8. Bg5
Nge7 9. Nbd2 h6 10. Bh4 O-O 11. Ne1 Qc7 12. Bg3 e5 13. dxe5 Bxe5 14. Bxe5 Qxe5
15. Ndf3 Qd6 16. Nc2 Bxc2 17. Qxc2 Rfd8 18. Rfd1 Ng6 19. Nd4 Nxd4 20. Rxd4 Qf6
21. Bf3 Ne7 22. Rad1 Qe6 23. Qb3 a5 24. Bxd5 Nxd5 25. Rxd5 Rxd5 26. Qxd5 Qe2
27. Qd2 Re8 28. h3 Qb5 29. Qc2 g6 30. c4 Qc6 31. b3 Rc8 32. Qd2 a4 33. Qxh6 Re8
34. Qd2 axb3 35. axb3 Qa6 36. Re1 Ra8 37. Qc3 Qc6 38. Ra1 Rd8 39. Ra7 Rd1+ 40.
Kh2 Qc7+ 41. Qg3 Qb6 42. Ra8+ Kg7 43. Qe5+ 1-0

[Event "Summer Cup"]
[Site "Wellington Chess Club"]
[Date "2012.03.13"]
[Round "5"]
[White "Nijman, Brian"]
[Black "Forster, Bill"]
[Result "1-0"]
[WhiteElo "2206"]
[BlackElo "1983"]

1. d4 f5 2. Nc3 d5 3. Bg5 Nf6 4. Bxf6 exf6 5. e3 c6 6. Bd3 g6 7. h4 h5 8. Nh3
Qe7 9. Nf4 Qf7 10. Nce2 Bd6 11. c3 Nd7 12. Qc2 Nf8 13. O-O-O Be6 14. g4 fxg4
15. Nxe6 Qxe6 16. Nf4 Bxf4 17. exf4 Qf7 18. Rde1+ Kd8 19. f5 Rg8 (19... gxf5
20. Bxf5 Kc7) 20. Re3 gxf5 21. Bxf5 Qg7 22. Rhe1 Nd7 23. Qe2 Kc7 24. Bxd7 1-0

[Event "Summer Cup"]
[Site "Wellington Chess Club"]
[Date "2012.03.13"]
[Round "5"]
[White "Palmer, Luke"]
[Black "Sknar, Andrew"]
[Result "1-0"]
[WhiteElo "1172"]
[BlackElo "1087"]

1. e4 e5 2. Nf3 Nc6 3. Nc3 g6 4. d3 Bg7 5. Be3 Nf6 6. Qd2 O-O 7. h3 d5 8. exd5
Nxd5 9. Nxd5 Qxd5 10. Bh6 e4 11. Bxg7 Kxg7 12. Ng5 exd3 13. cxd3 Bd7 14. Nf3
Rfe8+ 15. Be2 Nd4 16. Nxd4 Qxd4 17. Qc3 c5 18. Qxd4+ cxd4 19. Kd2 Re5 20. Bf3
Rc8 21. Bxb7 Rce8 22. Be4 f5 23. f4 (23. Bf3 a6) 23... R5e6 24. Bf3 Bc6 25.
Bxc6 Rxc6 26. a3 Rce6 27. Kd1 h6 28. Rg1 Re3 29. Kd2 g5 30. fxg5 hxg5 31. Rae1
Rxe1 32. Rxe1 Rxe1 33. Kxe1 Kg6 1-0

[Event "Summer Cup"]
[Site "Wellington Chess Club"]
[Date "2012.03.13"]
[Round "5"]
[White "Roberts, Michael"]
[Black "Jackson, Ross"]
[Result "1-0"]
[WhiteElo "1747"]
[BlackElo "1970"]

1. d4 Nf6 2. c4 c5 3. d5 e6 4. Nc3 exd5 5. cxd5 d6 6. Bg5 h6 7. Bf4 a6 8. a4 g5
9. Bd2 Bf5 10. f3 Bg7 11. e4 Qe7 12. Be2 Bg6 13. Qb3 O-O 14. Nh3 Qc7 15. O-O
Nbd7 16. Nf2 Ne5 17. Rac1 Nh5 18. g3 Nf6 19. f4 Ned7 20. Bf3 gxf4 21. gxf4 Bh5
22. Bxh5 Nxh5 23. Ne2 Qd8 24. Qf3 Nhf6 25. Be3 b5 26. Ng3 b4 27. Bd2 Ne8 28.
Nf5 Kh7 29. Qh3 Rh8 30. Kh1 Nf8 31. Rg1 Ng6 32. Nxg7 Nxg7 33. f5 Nh4 34. Rg4
Nhxf5 35. exf5 Nxf5 36. Qd3 Qf6 37. Rf4 Rhg8 38. Qxf5+ Qxf5 39. Rxf5 Kg6 40.
Rf3 Raf8 41. Rg1+ 1-0

[Event "Summer Cup"]
[Site "Wellington Chess Club"]
[Date "2012.03.13"]
[Round "5"]
[White "Sellen, Ian"]
[Black "Whittle, Jonathon"]
[Result "1-0"]
[WhiteElo "2055"]
[BlackElo "1733"]

1. c4 d6 2. Nc3 g6 3. g3 Bg7 4. Bg2 c5 5. e3 Nc6 6. Nge2 e6 7. d4 Nge7 8. O-O
Qb6 9. Ne4 Nd8 10. dxc5 dxc5 11. Nd6+ Kf8 12. Nc3 a6 13. Na4 Qc7 14. Ne4 Rb8
15. Naxc5 b6 16. Nb3 Bb7 17. Qd6 Qxd6 18. Nxd6 Bxg2 19. Kxg2 Nf5 20. Nxf5 exf5
21. Rb1 Rc8 22. Nd2 Nc6 23. b3 Nb4 24. Ba3 a5 25. Nf3 Ke8 26. Bxb4 axb4 27. Nd4
Ke7 28. Rfd1 Rhd8 29. Rd2 Rd6 30. Rbd1 Rcd8 31. Nc6+ Rxc6 32. Rxd8 Be5 33.
R1d7+ Kf6 34. Rb7 Bc7 35. Rc8 1-0

[Event "Summer Cup"]
[Site "Wellington Chess Club"]
[Date "2012.03.13"]
[Round "5"]
[White "Shierlaw, Hamish"]
[Black "Brockway, Andrew"]
[Result "1/2-1/2"]
[WhiteElo "1567"]
[BlackElo "1805"]

1. e4 c5 2. Nf3 g6 3. d4 cxd4 4. Nxd4 Nc6 5. Nc3 Bg7 6. Be3 Nf6 7. Be2 O-O 8.
O-O d6 9. Qd2 Ng4 10. Bxg4 Bxg4 11. Nb3 Be6 12. Bh6 Rc8 13. Bxg7 Kxg7 14. Nd4
Kg8 (14... Qb6 15. Nxe6+ (15. Nxc6 Rxc6) 15... fxe6) 15. Nxe6 fxe6 16. Ne2 Qb6
17. b3 Rf7 18. c3 Rcf8 19. Nd4 Nxd4 20. Qxd4 Qxd4 21. cxd4 Rc8 22. Rfc1 Rff8
23. Kf1 Kf7 24. Ke2 Rfd8 25. Kd2 1/2-1/2

[Event "Summer Cup"]
[Site "Wellington Chess Club"]
[Date "2012.03.14"]
[Round "5"]
[White "Frater, Dylan"]
[Black "Veldhuizen, Matt"]
[Result "1-0"]
[WhiteElo "1457"]
[BlackElo "1545"]

1. Nf3 f5 2. c4 Nf6 3. d4 e6 4. Nc3 b6 5. Bg5 Bb4 6. e3 O-O 7. Bd3 Bb7 8. O-O
Bxc3 9. bxc3 Qe8 10. Re1 Ne4 11. Bxe4 Bxe4 12. Nd2 Bb7 13. Qe2 Qg6 14. f4 d6
15. Nf3 Nd7 16. Rad1 Nf6 17. h4 Ne4 18. Rc1 h6 19. h5 Qxh5 20. Bh4 g5 21. Bf2
g4 22. Nd2 Kf7 23. Nxe4 Bxe4 24. Rcd1 Rg8 1-0

[Event "Summer Cup"]
[Site "Wellington Chess Club"]
[Date "2012.03.14"]
[Round "5"]
[White "Stoeveken, Peter"]
[Black "Dive, Russell"]
[Result "0-1"]
[WhiteElo "1858"]
[BlackElo "2440"]

1. d4 Nf6 2. Nc3 d5 3. Bg5 Bf5 4. Bxf6 gxf6 5. e3 c6 6. Bd3 Bg6 7. Nge2 e5 8.
Bxg6 hxg6 9. a3 Nd7 10. e4 dxe4 11. Nxe4 f5 12. N4c3 Qg5 13. g3 O-O-O 14. Qc1
Qg4 15. Qe3 Bh6 16. f4 exd4 17. Qxd4 Nb6 18. Qf2 Bg7 19. O-O Rd2 20. a4 Bxc3
21. bxc3 Rxe2 0-1

[Event "Summer Cup"]
[Site "Wellington Chess Club"]
[Date "2012.03.14"]
[Round "5"]
[White "Stracy, Don"]
[Black "Wastney, Scott"]
[Result "0-1"]
[WhiteElo "1781"]
[BlackElo "2367"]

1. e4 e5 2. Nf3 Nc6 3. Bb5 Nf6 4. O-O Nxe4 5. Qe2 Nd6 6. Bxc6 dxc6 7. Nxe5 Be7
8. Nc3 O-O 9. d3 Nf5 10. Bf4 Nd4 11. Qd2 a5 12. Ne4 f6 13. Nc4 b5 14. Ne3 g5
15. Bg3 f5 16. c3 Ne6 0-1

[Event "Summer Cup"]
[Site "Wellington Chess Club"]
[Date "2012.03.20"]
[Round "6"]
[White "Brockway, Andrew"]
[Black "Sellen, Ian"]
[Result "1/2-1/2"]
[WhiteElo "1805"]
[BlackElo "2069"]

1. e4 e6 2. d4 d5 3. Nd2 Nf6 4. e5 Nfd7 5. Bd3 c5 6. c3 Nc6 7. Ne2 Be7 8. O-O
a5 9. Nf3 a4 10. Bb5 Qa5 11. Bxc6 bxc6 12. Bg5 Bxg5 13. Nxg5 h6 14. Nf3 Qb5 15.
Rb1 Ba6 16. Re1 O-O 17. Nf4 Rfb8 18. Nd2 cxd4 19. cxd4 c5 20. Qg4 Nf8 21. Re3
Qb4 22. Rg3 g6 23. Nf3 Qc3 24. Nh5 Rxb2 25. Nf6+ Kg7 26. Rd1 Be2 27. Nh5+ Kg8
28. Nf6+ (28. Qf4 Qc2 29. Rc1 Rb1) 1/2-1/2

[Event "Summer Cup"]
[Site "Wellington Chess Club"]
[Date "2012.03.20"]
[Round "6"]
[White "Cook, John"]
[Black "Shierlaw, Hamish"]
[Result "1-0"]
[WhiteElo "1656"]
[BlackElo "1567"]

1. d4 d5 2. e3 Nf6 3. Nd2 Nc6 4. c3 e6 5. Bd3 Bd6 6. f4 Qe7 7. Ngf3 O-O 8. O-O
Bd7 9. Ne5 a6 10. Rf3 Rad8 11. Rh3 h6 12. Qf3 Na7 13. Qg3 Kh8 14. Qf2 c5 15. g4
Bxe5 16. fxe5 Nh7 17. Nf3 cxd4 18. exd4 Bb5 19. Bxh7 Kxh7 20. Bg5 f6 21. exf6
gxf6 22. Bxh6 Kg8 23. Bxf8 Rxf8 24. Qc2 Qg7 25. Re1 Kf7 26. Rh7 Qxh7 27. Qxh7+
Ke8 28. Rxe6+ Kd8 29. Qe7+ 1-0